5HLuxD.jpg

KING HENRY VIII SENIOR AND PRIMARY SCHOOL LIBRARY OPAC

The incredible Incas / (Record no. 4016)

000 -LEADER
fixed length control field 00993nam a22002177a 4500
005 - DATE AND TIME OF LATEST TRANSACTION
control field 20241210115325.0
008 - FIXED-LENGTH DATA ELEMENTS--GENERAL INFORMATION
fixed length control field 241210b ||||| |||| 00| 0 eng d
020 ## - INTERNATIONAL STANDARD BOOK NUMBER
International Standard Book Number 9781407104270
040 ## - CATALOGING SOURCE
Transcribing agency KH8
082 ## - DEWEY DECIMAL CLASSIFICATION NUMBER
Classification number 985.019 DEA
100 ## - MAIN ENTRY--PERSONAL NAME
Personal name Deary, Terry
Relator term Author
245 ## - TITLE STATEMENT
Title The incredible Incas /
Statement of responsibility, etc. Terry Deary
260 ## - PUBLICATION, DISTRIBUTION, ETC.
Place of publication, distribution, etc. London,
Name of publisher, distributor, etc. Scholastic,
Date of publication, distribution, etc. 2008
300 ## - PHYSICAL DESCRIPTION
Extent 139 pages :
Other physical details illustrations ;
Dimensions 20 cm.
440 ## - SERIES STATEMENT/ADDED ENTRY--TITLE
Title Horrible histories
520 ## - SUMMARY, ETC.
Summary, etc. Learn all about the incredible Incas, with all the nasty bits left in. Find out the horrible truth, like how a bucket of stewed pee could make you beautiful, why servants ate the emperor's hair and what happened in their legendary golden temples. Includes a grisly quiz to test your knowledge. These bestselling titles are sure to be a huge hit with yet another generation of Terry Deary fans
650 ## - SUBJECT ADDED ENTRY--TOPICAL TERM
Topical term or geographic name entry element Children's nonfiction
650 ## - SUBJECT ADDED ENTRY--TOPICAL TERM
Topical term or geographic name entry element History and Warfare
700 ## - ADDED ENTRY--PERSONAL NAME
Personal name Brown, Martin
Relator term Illustrator
942 ## - ADDED ENTRY ELEMENTS (KOHA)
Source of classification or shelving scheme
Koha item type Books - Non Ficton
Holdings
Withdrawn status Lost status Source of classification or shelving scheme Damaged status Not for loan Collection code Permanent Location Current Location Shelving location Date acquired Full call number Barcode Date last seen Price effective from Koha item type Total Checkouts Date last checked out Public note
          Non-Fiction KH8 Primary School Library KH8 Primary School Library Non Fiction 2024-12-10 985.019 DEA KHPL000004718 2025-12-05 2024-12-10 Books - Non Ficton      
          Non-Fiction KH8 Primary School Library KH8 Primary School Library Non Fiction 2024-12-10 985.019 DEA KHPL000006341 2025-12-05 2024-12-10 Books - Non Ficton 2 2025-04-28 KH8 PRIMARY LIBRARY

Powered By KH8 IT Dept